000 00339nam a2200145Ia 4500
003 OSt
005 20240409102613.0
008 170524s9999 xx 000 0 und d
020 _a817515618X
040 _cIIMT UNIVERSITY, MEERUT
100 _aAWAVD
245 0 _aSYSTEM ANALYSIS & DESIGN
260 _aTATA MC GRAW HILL
942 _2ddc
_c02
999 _c2041
_d2041